| 000 | 01580cam a22004337a 4500 | ||
|---|---|---|---|
| 003 | CHAP | ||
| 005 | 20220817042814.0 | ||
| 008 | 971013s1977 it r 10010 spa d | ||
| 010 | _a56207 | ||
| 011 | _a57179 | ||
| 035 | _a61332 | ||
| 040 | _cCHAP | ||
| 082 | 1 | 0 |
_a639.2 _bF46 v.200 |
| 111 | 0 | 0 |
_aSimposio sobre Adelantos en las Investigaciones Marinas en el Caribe y Regiones Adyacentes ( _d1976 _c: Caracas) _9106392 |
| 245 | 1 | 0 | _aMemoria |
| 260 |
_aRoma : _bFAO, _c1977 |
||
| 300 |
_a547 : _bilus. |
||
| 490 | 0 |
_aFAO. Informe de pesca _v; 200 |
|
| 500 | _aEdición bilingue (español, inglés) | ||
| 500 | _aSupl. -- Roma : FAO, 1978. -- 638 p. : ilus. ; gráfs. | ||
| 590 |
_aBATCH-UPD _b10 _c20130110 _lUCH01 _h0745 |
||
| 590 |
_aBATCH-UPD _b10 _c20130110 _lUCH01 _h2355 |
||
| 590 |
_aBATCH-UPD _b10 _c20130410 _lUCH01 _h0426 |
||
| 590 |
_aBATCH-UPD _b10 _c20130914 _lUCH01 _h0642 |
||
| 590 |
_aCONVERSION _b10 _c20130109 _lUCH01 _h1330 |
||
| 650 | 1 | 4 |
_aBiología marina. _912815 |
| 650 | 1 | 4 |
_aPesquería. _987496 |
| 650 | 1 | 4 |
_aPiscicultura. _988531 |
| 700 | 0 |
_aStewart, Harris B., Jr. _9109767 |
|
| 710 | 0 | _aFAO. | |
| 830 | 0 |
_aFAO. Informe de pesca _v; 200 _939587 |
|
| 901 | _aBK | ||
| 905 | _aPatricia Mendoza P. | ||
| 942 | _cLIBRO | ||
| 949 |
_a639.2 F46 v.200 supl. _bBC _cFAO _d33724000741997 _eFAO1 _h47260 _i61332 _sb |
||
| 949 |
_a639.2 F46 v.200 _bBC _cFAO _d33724000741963 _eFAO1 _h44576 _i61332 _sb |
||
| 949 |
_a639.2 F46 v.200 _bBC _cFAO _d33724000741971 _eFAO2 _fc.3 _h47584 _i61332 _sb |
||
| 949 |
_a639.2 F46 v.200 _bBC _cFAO _d33724000741989 _eFAO2 _fc.2 _h47128 _i61332 _sb |
||
| 999 |
_c56207 _d56207 |
||